Hibou - Culture Générale - Statistiques

Statistiques générales
  • Ce quiz a été pris 2 380 fois
  • Le résultat moyen est 10 sur 20
Statistiques - réponses
Question Réponse % Correct
Chez le hibou il peut tourner jusqu'à 270°, contrairement à celui de l'homme qui atteint 90° Leur cou
89%
Famille d'oiseaux qui comprend, entre autres, les hiboux, chouettes, aigles et faucons Rapace
86%
Nom donné aux "pattes" du hibou Serres
71%
Nom donné au "cri" du hibou Hululement
70%
Comment se prénomme la chouette de Harry Potter? Hedwige
69%
Avec ses 75 cm de haut, il est de loin la plus grande espèce de hiboux Hibou grand-duc
68%
Les chouettes et hiboux sont souvent associés à ces femmes "illicites", considérés comme leurs animaux de compagnie Sorcières
66%
Site web américain qui offre des conseils et avis touristiques émanant de consommateurs, dont le logo est un hibou TripAdvisor
64%
Pour les Romains, entendre le cri du hibou présageait une ______ prochaine Mort
63%
Application mobile destinée à l'apprentissage des langues, dont la mascotte est un petit hibou de couleur verte Duolingo
62%
Dans ce système il représente la lettre "m": 𓅓 Hiéroglyphes égyptiens
62%
La chouette chevêche est l'attribut de cette divinité grecque Athéna
61%
Le hibou est très souvent associé à l'intelligence et à la ________ Sagesse
60%
Espèce de chouette la plus répandue, également connue sous le nom de "dame blanche" Chouette effraie
40%
Dans cet univers enfantin, c'est à Maître Hibou que s'adressent les personnages lorsqu'ils désirent un conseil Winnie l'ourson
30%
Strigidé au plumage blanc qui est l'oiseau emblématique du Québec Harfang des neiges
21%
Nom donné aux faisceaux de plumes semblables à des oreilles, qui distinguent les hiboux des chouettes Aigrette
20%
Dans le classique Disney, comment se nomme le hibou de Merlin? Archimède
17%
Autre nom donné à la chouette hulotte Chat-{huant}
14%
Terme désignant un groupe de hiboux Parlement
11%
Aucun quiz correspondant
Distribution des résultats
% des personnes avec chaque résultat
Percentile par nombre de réponses
Votre historique - résultats
Vous n’avez pas pris ce quiz